Countries by Major Export - Statistics

General Stats
  • This quiz has been taken 78 times
  • The average score is 113 of 196
Answers on the Map
Answers color-coded by a green-red scale on the quiz's map according to % correct below.
 
Answer Stats
Country % Correct
Oil
98%
Soya-Bean Oil-Cake
98%
Oil
97%
Cars
82%
Gold
73%
Fish
72%
Iron
68%
Corn
63%
Diamond
62%
Electronics
62%
Coffee
58%
Silver
57%
Wood
57%
Copper
55%
Cloth
52%
Aluminum
47%
Fruits and Nuts
47%
Banana
42%
Cotton
42%
Fruit
42%
Sugar
42%
Beer
35%
Chocolate
35%
Machinery
33%
Planes
32%
Uranium
32%
Tobacco
30%
Rubber
28%
Smartphones
27%
Telephones
27%
Livestock
25%
Plastic
23%
Ships
23%
Cobalt
22%
Nutmeg
22%
Textiles
22%
Coconuts
18%
Furniture
15%
Mango
13%
Machinery
12%
Yam
10%
Vanilla
7%
Art
5%
Beverages
5%
Candy
3%
Copra
2%
Phosphate
2%
Stamps
2%
Washing Machine
2%
Citrus
0%
No matching quizzes found
Score Distribution
Percent of People with Each Score
Percentile by Number Answered
Your Score History
You have not taken this quiz